Dewey decimal classification and relative index 2/ (Record no. 62260)

000 -LEADER
fixed length control field 01000cam a2200265 i 4500
001 - CONTROL NUMBER
control field 2721946
003 - CONTROL NUMBER IDENTIFIER
control field NUST-PNEC
005 - DATE AND TIME OF LATEST TRANSACTION
control field 20170116180743.0
008 - FIXED-LENGTH DATA ELEMENTS--GENERAL INFORMATION
fixed length control field 771221s1979 nyu 001 0 eng
010 ## - LIBRARY OF CONGRESS CONTROL NUMBER
LC control number 77027967
020 ## - INTERNATIONAL STANDARD BOOK NUMBER
Canceled/invalid ISBN 0910608202
040 ## - CATALOGING SOURCE
Transcribing agency PNEC
050 00 - LIBRARY OF CONGRESS CALL NUMBER
Classification number Z696
Item number .D519 1979
082 00 - DEWEY DECIMAL CLASSIFICATION NUMBER
Classification number 025.431 DEW
Edition number 19
100 1# - MAIN ENTRY--PERSONAL NAME
Personal name Dewey, Melvil,
Dates associated with a name 1851-1931.
245 10 - TITLE STATEMENT
Title Dewey decimal classification and relative index 2/
Statement of responsibility, etc. devised by Melvil Dewey.
250 ## - EDITION STATEMENT
Edition statement Ed. 19 / Vol - 2
Remainder of edition statement edited under the direction of Benjamin A. Custer.
260 ## - PUBLICATION, DISTRIBUTION, ETC.
Place of publication, distribution, etc. Albany :
Name of publisher, distributor, etc. Forest Press,
Date of publication, distribution, etc. 1979.
300 ## - PHYSICAL DESCRIPTION
Extent x, 997 p. ;
Dimensions 25 cm.
505 0# - FORMATTED CONTENTS NOTE
Formatted contents note v. 1. Introduction. Tables.--v. 2. Schedules.--v. 3. Relative index.
650 #0 - SUBJECT ADDED ENTRY--TOPICAL TERM
Topical term or geographic name entry element Classification, Dewey decimal.
856 ## - ELECTRONIC LOCATION AND ACCESS
Uniform Resource Identifier <a href="http://www.amazon.com/Dewey-Decimal-Classification-Relative-Index/dp/0910608202/ref=sr_1_1?s=books&ie=UTF8&qid=1420533567&sr=1-1&keywords=0910608202">http://www.amazon.com/Dewey-Decimal-Classification-Relative-Index/dp/0910608202/ref=sr_1_1?s=books&ie=UTF8&qid=1420533567&sr=1-1&keywords=0910608202</a>
906 ## - LOCAL DATA ELEMENT F, LDF (RLIN)
a 7
b cbc
c orignew
d 1
e ocip
f 19
g y-gencatlg
942 ## - ADDED ENTRY ELEMENTS (KOHA)
Source of classification or shelving scheme
Koha item type Book
Holdings
Withdrawn status Lost status Source of classification or shelving scheme Damaged status Not for loan Permanent Location Current Location Shelving location Date acquired Source of acquisition Cost, normal purchase price Total Checkouts Full call number Barcode Date last seen Cost, replacement price Price effective from Koha item type
          Pakistan Navy Engineering College (PNEC) Pakistan Navy Engineering College (PNEC)   06/04/1983 Library / Reference Grant 0.00   025.431 DEW PNECLIB-007675 01/06/2015 0.00 06/04/1983 Book
© 2023 Central Library, National University of Sciences and Technology. All Rights Reserved.